000 00606nam a2200229Ia 4500
003 OSt
005 20221007080712.0
006 a|||||r|||| 00| 0
007 ta
008 221006b |||||||| |||| 00| 0 eng d
024 _a16,850
037 _cTextual
040 _aFLL
_cFLL
_beng
041 _2eng
_aeng
082 _aY1:4:5:S8, K8
100 _aCumming E. Au.
_9695289
245 0 _aSystems of social regulation
260 _aNew York
_bAtherton press U.S.A.
_c1968
300 _a324p
_ccm.
942 _hY1:4:5:S8, K8
_cTEXL
_2CC
999 _c1160599
_d1160599